Popular Video Games by Poster III - Statistics

General Stats
  • This quiz has been taken 109 times
  • The average score is 9 of 16
Answer Stats
Picture Answer % Correct
Minecraft
100%
Rocket League
91%
Tetris
90%
Donkey Kong
88%
Assassin's Creed
80%
Super Mario Bros
80%
Animal Crossing
72%
The Witcher 3: Wild Hunt
64%
Half Life 2
59%
Halo 2
59%
GoldenEye 007
58%
Call of Duty: Modern Warfare 3
40%
Mass Effect 2
38%
Backyard Baseball
11%
NFL Street
8%
MVP Baseball 2005
2%
No matching quizzes found
Score Distribution
Percent of People with Each Score
Percentile by Number Answered
Your Score History
You have not taken this quiz